The Strokes Lyrics - Machu Picchu - Statistics

General Stats
  • This quiz has been taken 45 times
  • The average score is 192 of 261
Answer Stats
Lyrics % Correct
a
100%
A
100%
I
100%
(I
100%
the
100%
to
100%
on
97%
me?)
94%
test
94%
you
94%
you,
94%
your
94%
Your
94%
for
92%
body
89%
Didn't
89%
didn't
89%
I'm
89%
just
89%
know
89%
patience
89%
putting
89%
And
86%
and
86%
can
86%
(Can
86%
choice?
86%
climb
86%
find
86%
in
86%
less,
86%
less
86%
mountain
86%
so
86%
was
86%
else's
83%
line,
83%
someone
83%
tryin'
83%
voice
83%
we
83%
Life
81%
that
81%
grey
78%
shade
78%
turn
78%
violent
78%
meat
75%
of
75%
street
75%
there
75%
us
75%
but
72%
crime
72%
It's
72%
jacket
72%
made
72%
rise
72%
now
69%
USA
69%
jealous
67%
Sellin'
67%
that's
67%
Wearing
67%
yours
67%
cheap
64%
night,
64%
disguise
61%
hear
61%
want
61%
baby)
58%
be
58%
girlfriends
58%
never
58%
place
58%
(Is
56%
is
56%
are
53%
feet
53%
horse's
53%
with
53%
Psychos
50%
Blondes
47%
dust
47%
Porn's
47%
Why
47%
rust
44%
tell
44%
waiting
44%
you've
44%
anyone
42%
gonna
42%
lies
42%
nice
42%
oh
42%
rain
42%
seen
42%
surprise
42%
turns
42%
letter
39%
love
39%
sky
39%
They're
39%
truth
39%
Waves
39%
door?
36%
Sealing
36%
ask
33%
Gossip
33%
money
33%
Platinum's
33%
We're
33%
have
31%
heard
31%
nobody
31%
pays
31%
saints
31%
silence
31%
beyond
28%
Homeless
28%
Sending
28%
silent
28%
stoned
28%
trust
28%
anybody,
25%
even
25%
maybe?)
25%
Darling,
22%
ain't
19%
asking
17%
Sleeping
6%
No matching quizzes found
Score Distribution
Percent of People with Each Score
Percentile by Number Answered
Your Score History
You have not taken this quiz